000 00682cam a2200217 i 4500
999 _c57405
_d57405
001 18966823
005 20220928153023.0
008 160208s2016 nyu 000 0 eng
020 _a9781259587542
041 _aeng
080 _a621.38 S-31
100 1 _aScherz, Paul
_98457
245 1 0 _aPractical electronics for inventors /
_cPaul Scherz, Simon Monk.
250 _aFourth Edition.
264 1 _aNew York :
_bMcGraw-Hill Education,
_c2016.
300 _a1027 pages ;
_c28 cm.
653 _aპრაქტიკული ელექტრონიკა
653 _aელექტრობა
700 1 _aMonk, Simon.
_eავტორი
_98459
942 _2udc
_cBK